La escuela rural definió sus propios senderos : II parte (Record no. 68132)
[ view plain ]
| 000 -CABECERA | |
|---|---|
| campo de control de longitud fija | 00558nam a2200205 a 4500 |
| 005 - FECHA Y HORA DE LA ÚLTIMA TRANSACCIÓN | |
| campo de control | 20210223123902.0 |
| 008 - ELEMENTOS DE LONGITUD FIJA--INFORMACIÓN GENERAL | |
| campo de control de longitud fija | 991125n 000 0 spa u |
| 035 ## - NÚMERO DE CONTROL DEL SISTEMA | |
| Número de control de sistema | UPN01000077326 |
| 100 ## - ASIENTO PRINCIPAL--NOMBRE PERSONAL | |
| Nombre de persona | GAMEZ JIMENEZ, Luis |
| 9 (RLIN) | 32257 |
| 222 ## - TÍTULO CLAVE | |
| Título clave | COMUNICACION EDUCATIVA SEP |
| 245 ## - MENCIÓN DE TÍTULO | |
| Título | La escuela rural definió sus propios senderos : II parte |
| 300 ## - DESCRIPCIÓN FÍSICA | |
| Extensión | 7 |
| 362 ## - FECHAS DE PUBLICACIÓN Y/O DESIGNACIÓN SECUENCIAL | |
| Fecha de publicación y/o designación secuencial | 1981 Año 2, no. 14 dic. |
| 653 0# - TERMINO DE INDIZACION - NO CONTROLADO | |
| Término no controlado | CALIDAD EDUCATIVA |
| 653 0# - TERMINO DE INDIZACION - NO CONTROLADO | |
| Término no controlado | EDUCACION PRIMARIA |
| 653 0# - TERMINO DE INDIZACION - NO CONTROLADO | |
| Término no controlado | ESCUELA RURAL |
| 653 0# - TERMINO DE INDIZACION - NO CONTROLADO | |
| Término no controlado | SEP |
| 904 ## - ELEMENTOS DE DATOS D LOCAL, LDD (RLIN) | |
| a | AC |
| b | 015137 |
| 905 ## - TIPO DE MATERIAL | |
| Tipo de material | Articulo |
No items available.
